Violencia contra las mujeres migrantes haitianas en contexto de pareja : análisis a partir de la voz de las víctimas

La diversidad cultural de cada país es considerada por la Organización de las Naciones Unidas para la Educación, la Ciencia y la Cultura (en adelante UNESCO) como patrimonio común de la humanidad (UNESCO, 2001). Cada territorio del país o del continente es distinto y diverso, y por lo tanto, las pro...

Full description

Bibliographic Details
Main Author: Yañez Vallejos, Yoselyn
Other Authors: Reyes Chacana, Héctor (profesor guía)
Format: Tesis
Language:Spanish
Published: Santiago, Chile : Universidad Academia de Humanismo Cristiano, 2020.
Subjects:
Online Access:Disponible en línea (PDF). Biblioteca Digital UAHC

MARC

LEADER 00000cmm a22000007a 4500
001 000340
003 UAHC_CL
005 20230720130450.0
008 230515s2020 cl o z 000 spa
040 |a UAHC_CL  |c UAHC_CL  |d UAHC_CL 
100 |9 18018  |a Yañez Vallejos, Yoselyn  
245 1 0 |a Violencia contra las mujeres migrantes haitianas en contexto de pareja :  |b análisis a partir de la voz de las víctimas  |c Yoselyn Yañez Vallejos ; profesor guía Héctor Reyes Chacana. 
260 |a Santiago, Chile :  |b Universidad Academia de Humanismo Cristiano,  |c 2020. 
300 |a 145 páginas. 
500 |a Tesis para optar al grado académico de Licenciada/o en Trabajo Social y al título de Trabajador/a Social. 
502 |a Tesis (Trabajo Social) -- Universidad Academia de Humanismo Cristiano, 2020. 
516 |a Tesis electrónica (PDF). Solicitar envío de documento a biblioteca@academia.cl. 
520 |a La diversidad cultural de cada país es considerada por la Organización de las Naciones Unidas para la Educación, la Ciencia y la Cultura (en adelante UNESCO) como patrimonio común de la humanidad (UNESCO, 2001). Cada territorio del país o del continente es distinto y diverso, y por lo tanto, las problemáticas sociales se generan de diversas formas. La violencia de parejas no debe ser la excepción, y menos, la que se genera en contextos migratorios. Al respecto, la siguiente tesis apunta a conocer la relación entre la violencia ejercida y el proceso migratorio que generan las mujeres haitianas hacia Chile. ¿De qué forma se manifiesta la violencia en contexto de pareja en las mujeres migrantes haitianas que acuden al Centro de la Mujer Recoleta? es la pregunta de investigación planteada para la presente investigación, de carácter cualitativa. 
650 0 |9 14706  |a Inmigrantes (Mujeres)   |x Condiciones sociales  |z Chile 
650 0 |9 5523  |a Violencia contra las mujeres  |z Chile 
650 0 |9 12906  |a Haitianos  |x Condiciones sociales  |z Chile 
700 |a Reyes Chacana, Héctor  |e profesor guía  |9 10542 
856 |u http://bibliotecadigital.academia.cl/xmlui/handle/123456789/6729  |y Disponible en línea (PDF). Biblioteca Digital UAHC 
900 |a TTRASO 614 
942 |c TS 
952 |0 0  |1 0  |4 0  |6 TTRASO_614_000000000000000  |7 0  |8 COMP  |9 98293  |a BC  |b BC  |c Digital  |d 2023-06-08  |l 0  |o TTRASO 614  |r 2023-06-08 00:00:00  |w 2023-06-08  |y TS  |z Documento en PDF.  |B TSOC 
999 |c 60785  |d 60785